| Tag |
First Indicator |
Second Indicator |
Subfields |
| LEADER |
00000cam a2200000 4500 |
| 001 |
in00002785710 |
| 005 |
20151202171709.0 |
| 008 |
700304s1968 dcu b 001 0 eng |
| 010 |
|
|
|a 78604904
|
| 035 |
|
|
|a (OCoLC)ocm00059148
|
| 035 |
|
|
|a (OCoLC)59148
|
| 040 |
|
|
|a DLC
|b eng
|c DLC
|d OWU
|d BTCTA
|d OCLCG
|d UtOrBLW
|
| 043 |
|
|
|a n-us-ut
|
| 049 |
|
|
|a TXAM
|
| 050 |
0 |
0 |
|a QE75
|b .P9 no. 593-H
|
| 051 |
|
|
|a QE796
|b .R59
|c Copy 2.
|
| 082 |
0 |
0 |
|a 564/.8/09792
|
| 086 |
0 |
|
|a I 19.16:593-H
|
| 100 |
1 |
|
|a Ross, Reuben James,
|d 1918-
|
| 245 |
1 |
0 |
|a Brachiopods from the upper part of the Garden City Formation (Ordovician) north-central Utah.
|
| 264 |
|
1 |
|a Washington :
|b U.S. Govt. Print. Off,
|c 1968.
|
| 300 |
|
|
|a iii, 13 pages, 10 unnumbered pages ;
|c 29 cm.
|
| 336 |
|
|
|a text
|b txt
|2 rdacontent
|
| 337 |
|
|
|a unmediated
|b n
|2 rdamedia
|
| 338 |
|
|
|a volume
|b nc
|2 rdacarrier
|
| 490 |
1 |
|
|a Geological Survey professional paper ;
|v 593-H.
|a Contributions to paleontology
|
| 504 |
|
|
|a Bibliography: page 11.
|
| 650 |
|
0 |
|a Brachiopoda, Fossil
|z Utah.
|
| 650 |
|
0 |
|a Paleontology
|y Ordovician.
|
| 650 |
|
0 |
|a Paleontology
|z Utah.
|
| 830 |
|
0 |
|a Geological Survey professional paper ;
|v 593-H.
|
| 830 |
|
0 |
|a Geological Survey professional paper.
|p Contributions to paleontology.
|
| 948 |
|
|
|a cataloged
|b h
|c 2012/12/6
|d c
|e mvaldespin
|f 02:08:51 pm
|
| 994 |
|
|
|a C0
|b TXA
|
| 999 |
|
|
|a MARS
|
| 999 |
f |
f |
|s ead1f6c6-b875-3a31-8d36-f3f51609c098
|i 917c0c34-dd93-329c-9bdd-51460cca2686
|t 0
|
| 952 |
f |
f |
|p normal
|a Texas A&M University
|b College Station
|c Sterling C. Evans Library
|d Evans: US Documents (Annex 5th floor)
|t 0
|e I 19.16:593-A-I
|h Superintendent of Documents classification
|i unmediated -- volume
|m A14839368270
|
| 952 |
f |
f |
|a Texas A&M University
|b College Station
|c Sterling C. Evans Library
|d Evans: US Documents (Annex 5th floor)
|t 0
|e I 19.16:593-A-I
|h Superintendent of Documents classification
|
| 998 |
f |
f |
|a I 19.16:593-A-I
|t 0
|l Evans: US Documents (Annex 5th floor)
|